Quiz da Copa do Mundo de 1930 - Statistics

Estatísticas Gerais
  • Esse quiz foi jogado 80 vezes
  • A pontuação média é 14 de 25
Estatísticas das Respostas
Dica Resposta % Correto
Campeão. Uruguai
100%
Seleções participantes Uruguai
100%
Vice-campeão. Argentina
94%
Seleções participantes Argentina
94%
Seleções participantes Brasil
85%
O Uruguai foi escolhido como sede da competição por ser campeão das ________ em 1924 e 1928. Olimpíadas
83%
Única seleção europeia a se classificar para as semifinais. Iugoslávia
73%
Seleções participantes Bolívia
72%
Seleções participantes França
70%
Seleções participantes Iugoslávia
70%
Seleções participantes Estados Unidos
69%
Seleções participantes Chile
62%
Seleções participantes México
61%
10 das 18 partidas da Copa foram disputadas neste icônico estádio, construído especialmente para a competição. Centenario
56%
Seleções participantes Bélgica
55%
Seleções participantes Paraguai
55%
Seleções participantes Peru
55%
Nome da taça entregue ao campeão, cujo nome é uma homenagem ao então presidente da FIFA. Taça Jules Rimet
51%
Apenas quatro seleções europeias disputaram a competição por dificuldades com a ______. Viagem
44%
Seleções participantes Romênia
37%
Artilheiro. Guillermo Stábile
17%
Artilheiro do Brasil na competição, com três gols. Preguinho
17%
Atacante uruguaio apelidado de "El Divino Manco" por não possuir a mão direita, um dos destaques do torneio. Héctor Castro
8%
Autor do primeiro gol da história das Copas do Mundo. Lucien Laurent
6%
Treinador da Seleção Boliviana naquela Copa que também atuou como árbitro durante uma partida. Ulises Saucedo
3%
Nenhum quiz correspondente encontrado
Distribuição das Pontuações
Porcentagem de Pessoas com Cada Pontuação
Percentil de Números Respondidos
Sua Pontuação Histórica
Você não jogou esse quiz